[Event "CRO Topla Voda Cup"]
[Site "Tuhovec"]
[Date "2022.08.06"]
[Round "5.2"]
[White "Segovic, Goran"]
[Black "Osman, Jovo"]
[Result "1-0"]
[WhiteElo "2295"]
[BlackElo "1569"]
[PlyCount "37"]
[EventDate "2022.08.06"]
[EventType "team-tourn (blitz)"]
[EventRounds "11"]
[EventCountry "CRO"]
[SourceTitle "CBM 209 Extra"]
[Source "ChessBase"]
[SourceDate "2022.09.30"]
[SourceVersion "1"]
[SourceVersionDate "2022.09.30"]
[SourceQuality "1"]
[WhiteTeam "Mihovljan Sloboda"]
[BlackTeam "Ludbreg"]
[WhiteTeamCountry "CRO"]
[BlackTeamCountry "CRO"]

1. e4 e5 2. Nf3 Nc6 3. Bc4 h6 4. 0-0 Nf6 5. d3 d5 6. exd5 Nxd5 7. Re1 Qd6 8. d4 f6 9. dxe5 fxe5 10. Qxd5 Qf6 11. Nxe5 Nxe5 12. Qxe5+ Qxe5 13. Rxe5+ Kd7 14. Nc3 Bd6 15. Re2 c6 16. Ne4 Kc7 17. Nxd6 Kxd6 18. Bf4+ Kd7 19. Rd1# 1-0